000 00240nam a2200121#a 4500
001 01378
003 HDC
007 ta
008 230623s2023 xx 000 0 eng d
040 _aHDC
245 0 _aHDC corporate video [GMD].
942 _2lcc
999 _c22944
_d22944